=LDR 00000nam 2200000 4500 =001 INLIS000000000006306 =005 20220609095110 =035 ##$$a 0010-0622000167 =245 1#$$a Kulit, Karet dan Plastik /$c KEPALA BALAI BESAR KULIT, KARET DAN PLASTIK =110 #$$a BESAR, Kepala Balai =250 ##$$a Edisi Vol. 32 No. 2 Desember 2016 =300 ##$$a xii, 65-133 halaman : $b Tabel, Gambar ; $c 21x18 cm =856 ##$$a OPAC (Rak Majalah) =260 ##$$a Yogyakarta :$b Balai Besar Kulit, Karet, dan Plastik,$c 2016 =082 ##$$a 050.29 =084 ##$$a 050.29 BES k =500 ##$$a Peningkatan ketahanan oksidasi karet alam melalui pengikatan antioksidan 4-aminodifenilamina secara kimia =990 ##$$a 08/MJ-17